[Event "7th Iberoamerican-ch 2019"]
[Site "Linares"]
[Date "2019.08.18"]
[Round "9.2"]
[White "Cori, Jorge"]
[Black "Henriquez Villagra, Cristobal"]
[Result "1-0"]
[WhiteElo "2686"]
[BlackElo "2562"]
[Annotator "TA"]
[PlyCount "203"]
[EventDate "2019.08.10"]
[EventType "swiss"]
[EventCountry "ESP"]
[SourceTitle "playchess.com"]
[Source "ChessBase"]
[SourceQuality "1"]

{[%evp 14,203,7,0,9,2,-4,-39,-40,-36,-18,-25,-23,-29,-31,-29,-32,-24,-9,-8,0,0,0,0,0,0,0,-14,-4,-30,8,7,13,16,14,0,-4,-11,-8,-10,-8,-8,-8,-8,-5,-8,-8,-8,-12,-20,0,0,0,0,0,0,43,40,40,40,63,63,63,63,79,79,79,71,71,71,74,74,79,79,79,79,79,79,79,79,79,79,79,79,79,79,79,66,66,66,66,64,87,83,128,110,113,107,114,0,113,79,71,56,56,0,78,0,56,21,33,33,33,33,33,27,33,18,19,18,35,15,37,0,8,8,12,12,56,58,64,42,42,42,73,73,169,159,251,219,435,303,271,286,359,356,435,418,597,575,572,572,513,435,1041,1040,969,924,827,768,669,655,654,655,655,655,655,655,655,655,655,655,652,642,637,635,633,596,596,592,938,599,514,358,659,652,4618,4614,4645,4631,1514,720]} 1. Nf3 d5 2. e3 Nf6 3. c4 c6 4. b3 Bg4 5. Be2 Nbd7 6. Bb2 e6 7. h3 Bh5 8. Nc3 a6 {A12: English Opening: 1...c6 with b3 by White} (8... Bd6 9. d3 h6 10. a3 O-O 11. g4 Bg6 12. Rg1 e5 13. h4 dxc4 14. dxc4 Nc5 15. g5 e4 16. Nd2 hxg5 17. hxg5 {1-0 (30) Hou,Y (2651)-Muzychuk,M (2546) Caleta 2017}) 9. g4 Bg6 10. d3 h6 {Black is slightly better.} 11. Rg1 Qa5 $146 ({Predecessor:} 11... Bd6 12. Qd2 Qe7 13. h4 O-O-O {0-1 (66) Li,D (2488)-Chen,F (2326) Chengdu 2017}) 12. a3 dxc4 13. bxc4 Rd8 14. Kf1 Be7 15. Qc2 Qc7 16. a4 e5 17. Nh4 Bh7 18. Nf5 Bxf5 $1 19. gxf5 O-O 20. Kg2 Nc5 21. Rgd1 b5 22. axb5 cxb5 23. cxb5 axb5 24. Bf3 Na4 25. Qb3 Nxb2 26. Qxb2 Qd7 27. Qxb5 Qxf5 28. Ra7 Bd6 29. Ne4 Nxe4 30. dxe4 Qg5+ 31. Kh2 Be7 32. Rdd7 Qf6 33. Kg2 $36 {[%mdl 2048] Black is under pressure.} Qg6+ 34. Kf1 Bh4 35. Qxe5 Rxd7 36. Rxd7 Qa6+ 37. Be2 Qc8 38. Qc7 Qxc7 39. Rxc7 $14 {[%mdl 4096] Endgame KRB-KRB} Re8 40. Bc4 Re7 41. Rc8+ Kh7 42. Ke2 g6 43. f4 Kg7 44. e5 Bg3 45. Kf3 Be1 46. Bd5 Ba5 47. Ra8 Bb6 48. Ra6 Bc5 49. Rc6 Bb4 50. e4 Ba5 51. Ra6 Bc3 52. e6 fxe6 53. Bxe6 Bd4 54. Rd6 Bb2 55. Rb6 Bd4 56. Rd6 Bb2 $1 57. Bc4 Rc7 58. Bd3 Rf7 $1 59. Bc4 Rc7 60. Bd3 Rf7 $1 61. e5 Bxe5 62. Rxg6+ Kf8 63. f5 Rf6 64. Rg2 Rd6 65. Be4 Rb6 66. Bd5 Rb4 67. Rg8+ Ke7 68. Be6 Rh4 69. Kg2 Rd4 70. Rg6 Rd2+ 71. Kf3 Rd8 72. Kg4 Rd4+ 73. Kh5 Bf6 {[%csl Gf6][%cal Rd4h4]} 74. Rg3 Bg5 {[#]} (74... Be5 $16 75. Ra3 Kf6) 75. Kg6 $1 $18 Rd8 (75... Rd1 $16 76. Rb3 Rg1) 76. Rb3 Rf8 $2 (76... Rd2 {keeps fighting.} 77. Rb7+ Kd6) 77. Rb7+ Kd6 78. Kg7 Rd8 79. Rb4 Ke5 80. h4 Be7 (80... Bd2 $142) 81. Rb5+ Kf4 82. f6 Bf8+ 83. Kg6 Kg3 (83... Re8 $142 84. Bb3 Ra8) 84. h5 Kf4 85. Ra5 Rb8 86. Bd7 Rb6 87. Kf7 {[#] aiming for Rf5+.} Bb4 88. Rf5+ Ke4 {intending ...Rb7.} 89. Kg6 Bc3 90. Ba4 Bd4 91. Bc2+ Ke3 92. Bd1 Ra6 93. Bb3 Rb6 94. Bd5 Rd6 95. Bg2 Rb6 96. Kf7 Rb2 97. Bd5 Rb6 98. Bh1 Ra6 $2 (98... Bb2 99. Kg6 Kd3 100. Rf3+ Ke2) 99. Ke7 {White is clearly winning.} Ra7+ 100. Ke8 Ra1 101. f7 Bg7 102. Bd5 {Accuracy: White = 62%, Black = 48%.} (102. Bc6 $142 Rc1 103. Bd7) 1-0

[Event "7th Iberoamerican-ch 2019"]
[Site "Linares"]
[Date "2019.08.18"]
[Round "9.3"]
[White "Flores, Diego"]
[Black "Cruz, Cristhian"]
[Result "1/2-1/2"]
[WhiteElo "2604"]
[BlackElo "2559"]
[Annotator "ChessBase"]
[PlyCount "166"]
[EventDate "2019.08.10"]
[EventType "swiss"]
[EventCountry "ESP"]
[SourceTitle "playchess.com"]
[Source "ChessBase"]
[SourceQuality "1"]
[TimeControl "5400+30"]

1. Nf3 {[%emt 0:00:10]} c5 {[%emt 0:06:30]} 2. c4 {[%emt 0:00:50]} Nc6 {[%emt 0:00:59]} 3. Nc3 {[%emt 0:00:35]} Nf6 {[%emt 0:00:07]} 4. g3 {[%emt 0:00:59]} d5 {[%emt 0:00:14]} 5. cxd5 {[%emt 0:00:16]} Nxd5 {[%emt 0:00:05]} 6. Bg2 {[%emt 0:00:18]} Nc7 {[%emt 0:00:42]} 7. a3 {[%emt 0:08:30]} g6 {[%emt 0:02:01]} 8. h4 {[%emt 0:04:48]} h6 {[%emt 0:00:15]} 9. d3 {[%emt 0:06:54]} Bg7 {[%emt 0:02:05]} 10. Bd2 {[%emt 0:05:51]} Bd7 {[%emt 0:14:05]} 11. Rb1 {[%emt 0:08:12]} Rc8 {[%emt 0:05:05]} 12. b4 {[%emt 0:09:00]} Nd4 {[%emt 0:10:44]} 13. bxc5 {[%emt 0:07:35]} Bc6 {[%emt 0:01:28]} 14. O-O {[%emt 0:02:10]} Nxf3+ {[%emt 0:01:31]} 15. Bxf3 {[%emt 0:00:10]} Bxf3 {[%emt 0:00:08]} 16. exf3 {[%emt 0:00:03]} O-O {[%emt 0:03:16]} 17. Rxb7 {[%emt 0:27:38]} Qxd3 {[%emt 0:32:33]} 18. Qe2 {[%emt 0:00:07]} Rfd8 {[%emt 0:00:30]} 19. Qxd3 {[%emt 0:00:10]} Rxd3 {[%emt 0:00:04]} 20. Nb1 {[%emt 0:00:05]} Bd4 {[%emt 0:01:02]} 21. Kg2 {[%emt 0:00:59]} Nd5 {[%emt 0:02:07]} 22. Rc1 {[%emt 0:03:23]} Rxc5 {[%emt 0:00:58]} 23. Rxc5 {[%emt 0:00:30]} Bxc5 {[%emt 0:00:03]} 24. Bxh6 {[%emt 0:00:16]} Bb6 {[%emt 0:00:28]} 25. a4 {[%emt 0:03:31]} Kh7 {[%emt 0:10:11]} 26. Bg5 {[%emt 0:01:05]} Rd1 {[%emt 0:00:59]} 27. Na3 {[%emt 0:02:21]} f6 {[%emt 0:04:17]} 28. Be3 {[%emt 0:01:09]} Ra1 {[%emt 0:00:15]} 29. Bxb6 {[%emt 0:01:16]} axb6 {[%emt 0:00:15]} 30. Nc4 {[%emt 0:00:36]} Kg7 {[%emt 0:00:47]} 31. Ne3 {[%emt 0:04:27]} Nxe3+ {[%emt 0:00:01]} 32. fxe3 {[%emt 0:00:06]} Kf7 {[%emt 0:00:03]} 33. g4 {[%emt 0:00:19]} Rxa4 {[%emt 0:00:39]} 34. Rxb6 {[%emt 0:00:02]} Ra2+ {[%emt 0:00:26]} 35. Kg3 {[%emt 0:00:01]} Re2 {[%emt 0:00:15]} 36. e4 {[%emt 0:01:08]} Re1 {[%emt 0:01:51]} 37. g5 {[%emt 0:01:07]} fxg5 {[%emt 0:00:56]} 38. hxg5 {[%emt 0:00:02]} Rg1+ {[%emt 0:00:08]} 39. Kf4 {[%emt 0:00:17]} Ra1 {[%emt 0:00:17]} 40. Rb2 {[%emt 0:02:17]} Ra5 {[%emt 0:00:34]} 41. Kg4 {[%emt 0:00:36]} Ra4 {[%emt 0:00:21]} 42. Rb5 {[%emt 0:00:30]} Rc4 {[%emt 0:00:13]} 43. Re5 {[%emt 0:00:12]} Rc1 {[%emt 0:00:25]} 44. Kf4 {[%emt 0:00:45]} Rc4 {[%emt 0:00:10]} 45. Ke3 {[%emt 0:00:31]} Rc3+ {[%emt 0:00:24]} 46. Kf4 {[%emt 0:00:06]} Ra3 {[%emt 0:00:17]} 47. Rd5 {[%emt 0:00:08]} Rb3 {[%emt 0:00:13]} 48. Kg4 {[%emt 0:00:28]} Rb4 {[%emt 0:00:36]} 49. Rd3 {[%emt 0:00:33]} Ra4 {[%emt 0:00:10]} 50. Re3 {[%emt 0:00:32]} Ra1 {[%emt 0:00:58]} 51. f4 {[%emt 0:01:14]} Rg1+ {[%emt 0:00:39]} 52. Rg3 {[%emt 0:00:16]} Re1 {[%emt 0:00:19]} 53. Kf3 {[%emt 0:00:09]} e5 {[%emt 0:02:11]} 54. f5 {[%emt 0:00:59]} Rf1+ {[%emt 0:00:17]} 55. Ke2 {[%emt 0:00:19]} Rf4 {[%emt 0:00:18]} 56. f6 {[%emt 0:00:05]} Rxe4+ {[%emt 0:00:06]} 57. Re3 {[%emt 0:00:06]} Ra4 {[%emt 0:00:21]} 58. Rxe5 {[%emt 0:00:05]} Rg4 {[%emt 0:01:36]} 59. Kf3 {[%emt 0:00:17]} Rg1 {[%emt 0:00:03]} 60. Ke4 {[%emt 0:00:30]} Re1+ {[%emt 0:00:19]} 61. Kd5 {[%emt 0:00:11]} Rd1+ {[%emt 0:00:17]} 62. Kc6 {[%emt 0:00:11]} Rc1+ {[%emt 0:00:12]} 63. Kd6 {[%emt 0:01:12]} Rd1+ {[%emt 0:00:11]} 64. Rd5 {[%emt 0:00:05]} Rg1 {[%emt 0:01:07]} 65. Ra5 {[%emt 0:00:57]} Rd1+ {[%emt 0:00:25]} 66. Ke5 {[%emt 0:00:16]} Re1+ {[%emt 0:00:26]} 67. Kf4 {[%emt 0:00:12]} Rf1+ {[%emt 0:00:29]} 68. Kg3 {[%emt 0:01:12]} Rg1+ {[%emt 0:00:38]} 69. Kf3 {[%emt 0:00:19]} Kf8 {[%emt 0:01:21]} 70. Re5 {[%emt 0:01:27]} Kf7 {[%emt 0:00:21]} 71. Re7+ {[%emt 0:01:18]} Kf8 {[%emt 0:00:04]} 72. Kf4 {[%emt 0:00:10]} Rf1+ {[%emt 0:00:22]} 73. Ke5 {[%emt 0:00:24]} Re1+ {[%emt 0:00:13]} 74. Kd6 {[%emt 0:00:06]} Rd1+ {[%emt 0:00:24]} 75. Kc6 {[%emt 0:00:22]} Rc1+ {[%emt 0:00:12]} 76. Kd5 {[%emt 0:01:24]} Rd1+ {[%emt 0:00:12]} 77. Ke4 {[%emt 0:00:28]} Re1+ {[%emt 0:00:08]} 78. Kf4 {[%emt 0:00:27]} Rf1+ {[%emt 0:00:10]} 79. Ke3 {[%emt 0:00:39]} Rf5 {[%emt 0:00:42]} 80. Rg7 {[%emt 0:00:22]} Rxg5 {[%emt 0:00:05]} 81. Ke4 {[%emt 0:00:06]} Rh5 {[%emt 0:00:28]} 82. Rxg6 {[%emt 0:00:24]} Kf7 {[%emt 0:00:04]} 83. Rg7+ {[%emt 0:00:09]} Kxf6 {[%emt 0:00:06]} 1/2-1/2

[Event "7th Iberoamerican-ch 2019"]
[Site "Linares"]
[Date "2019.08.18"]
[Round "9.4"]
[White "Krysa, Leandro"]
[Black "Salgado Lopez, Ivan"]
[Result "1/2-1/2"]
[WhiteElo "2516"]
[BlackElo "2596"]
[Annotator "ChessBase"]
[PlyCount "72"]
[EventDate "2019.08.10"]
[EventType "swiss"]
[EventCountry "ESP"]
[SourceTitle "playchess.com"]
[Source "ChessBase"]
[SourceQuality "1"]
[TimeControl "5400+30"]

1. c4 {[%emt 0:00:00]} e5 {[%emt 0:00:27]} 2. Nc3 {[%emt 0:00:00]} Nc6 {[%emt 0:01:24]} 3. g3 {[%emt 0:00:31]} g6 {[%emt 0:00:17]} 4. Bg2 {[%emt 0:00:26]} Bg7 {[%emt 0:00:05]} 5. d3 {[%emt 0:01:39]} d6 {[%emt 0:01:39]} 6. e3 {[%emt 0:00:13]} Nge7 {[%emt 0:00:24]} 7. Nge2 {[%emt 0:01:25]} Bg4 {[%emt 0:00:36]} 8. Rb1 {[%emt 0:01:49]} Qd7 {[%emt 0:02:19]} 9. Nd5 {[%emt 0:06:20]} O-O {[%emt 0:01:46]} 10. h3 {[%emt 0:02:41]} Be6 {[%emt 0:00:40]} 11. b4 {[%emt 0:00:15]} Nc8 {[%emt 0:03:49]} 12. h4 {[%emt 0:09:30]} Nd8 {[%emt 0:00:34]} 13. b5 {[%emt 0:00:23]} a6 {[%emt 0:08:49]} 14. a4 {[%emt 0:04:21]} axb5 {[%emt 0:02:37]} 15. axb5 {[%emt 0:00:59]} c6 {[%emt 0:00:13]} 16. bxc6 {[%emt 0:05:46]} bxc6 {[%emt 0:00:07]} 17. Ndc3 {[%emt 0:06:03]} d5 {[%emt 0:00:29]} 18. cxd5 {[%emt 0:10:52]} cxd5 {[%emt 0:00:20]} 19. Rb5 {[%emt 0:06:14]} Nd6 {[%emt 0:13:16]} 20. Rxd5 {[%emt 0:01:09]} Bxd5 {[%emt 0:00:38]} 21. Nxd5 {[%emt 0:00:05]} Ra1 {[%emt 0:02:04]} 22. h5 {[%emt 0:02:11]} Ne6 {[%emt 0:02:11]} 23. h6 {[%emt 0:05:58]} Bh8 {[%emt 0:00:46]} 24. Nec3 {[%emt 0:05:56]} e4 {[%emt 0:16:12]} 25. Nxe4 {[%emt 0:05:46]} Nxe4 {[%emt 0:02:35]} 26. dxe4 {[%emt 0:00:19]} Qa7 {[%emt 0:09:12]} 27. O-O {[%emt 0:01:16]} Rb8 {[%emt 0:08:02]} 28. Qc2 {[%emt 0:10:03]} Qc5 {[%emt 0:01:52]} 29. Qxc5 {[%emt 0:05:26]} Nxc5 {[%emt 0:00:35]} 30. Bd2 {[%emt 0:00:26]} Rxf1+ {[%emt 0:05:09]} 31. Kxf1 {[%emt 0:00:04]} Rb2 {[%emt 0:03:04]} 32. Ba5 {[%emt 0:01:58]} Ra2 {[%emt 0:05:10]} 33. Bc7 {[%emt 0:00:28]} Ra1+ {[%emt 0:04:23]} 34. Ke2 {[%emt 0:00:04]} Ra2+ {[%emt 0:00:01]} 35. Kf1 {[%emt 0:00:08]} Ra1+ {[%emt 0:03:28]} 36. Ke2 {[%emt 0:00:05]} Ra2+ {[%emt 0:00:04]} 1/2-1/2

[Event "7th Iberoamerican-ch 2019"]
[Site "Linares"]
[Date "2019.08.18"]
[Round "9.5"]
[White "Lopez Martinez, Josep Manuel"]
[Black "Escobar Forero, Alder"]
[Result "1/2-1/2"]
[WhiteElo "2581"]
[BlackElo "2477"]
[Annotator "ChessBase"]
[PlyCount "116"]
[EventDate "2019.08.10"]
[EventType "swiss"]
[EventCountry "ESP"]
[SourceTitle "playchess.com"]
[Source "ChessBase"]
[SourceQuality "1"]
[TimeControl "5400+30"]

1. e4 {[%emt 0:01:42]} c5 {[%emt 0:02:28]} 2. Nf3 {[%emt 0:00:58]} Nc6 {[%emt 0:00:26]} 3. Bb5 {[%emt 0:02:02]} g6 {[%emt 0:00:15]} 4. Bxc6 {[%emt 0:00:44]} dxc6 {[%emt 0:00:21]} 5. d3 {[%emt 0:00:49]} Bg7 {[%emt 0:01:43]} 6. h3 {[%emt 0:00:21]} Nf6 {[%emt 0:01:38]} 7. Nc3 {[%emt 0:00:52]} Nd7 {[%emt 0:00:47]} 8. Be3 {[%emt 0:03:49]} e5 {[%emt 0:00:37]} 9. Qd2 {[%emt 0:11:09]} Qe7 {[%emt 0:04:55]} 10. a3 {[%emt 0:03:28]} b6 {[%emt 0:12:42]} 11. Bh6 {[%emt 0:05:01]} Bxh6 {[%emt 0:19:26]} 12. Qxh6 {[%emt 0:01:28]} f6 {[%emt 0:00:09]} 13. O-O {[%emt 0:12:54]} Nf8 {[%emt 0:04:36]} 14. Nh4 {[%emt 0:04:22]} Be6 {[%emt 0:01:31]} 15. f4 {[%emt 0:00:47]} exf4 {[%emt 0:01:05]} 16. Rxf4 {[%emt 0:00:16]} O-O-O {[%emt 0:00:15]} 17. Raf1 {[%emt 0:03:42]} Nd7 {[%emt 0:00:53]} 18. R4f2 {[%emt 0:00:26]} Rhe8 {[%emt 0:03:38]} 19. Nf3 {[%emt 0:03:36]} Kb7 {[%emt 0:00:39]} 20. Ne2 {[%emt 0:05:53]} Bg8 {[%emt 0:00:58]} 21. Nd2 {[%emt 0:04:09]} Qe5 {[%emt 0:07:15]} 22. c3 {[%emt 0:01:14]} Re7 {[%emt 0:01:26]} 23. Qe3 {[%emt 0:06:40]} Qd6 {[%emt 0:01:56]} 24. Nc1 {[%emt 0:03:27]} Rde8 {[%emt 0:03:57]} 25. Qf4 {[%emt 0:00:49]} Qxf4 {[%emt 0:02:12]} 26. Rxf4 {[%emt 0:00:07]} Re6 {[%emt 0:01:08]} 27. Kf2 {[%emt 0:03:26]} Rd6 {[%emt 0:00:59]} 28. Ke2 {[%emt 0:00:16]} a5 {[%emt 0:02:18]} 29. Kd1 {[%emt 0:00:10]} b5 {[%emt 0:00:23]} 30. Kc2 {[%emt 0:00:12]} Kb6 {[%emt 0:00:18]} 31. g4 {[%emt 0:02:52]} Be6 {[%emt 0:03:04]} 32. R4f2 {[%emt 0:01:34]} a4 {[%emt 0:02:09]} 33. Nf3 {[%emt 0:00:50]} Bb3+ {[%emt 0:00:33]} 34. Nxb3 {[%emt 0:09:22]} axb3+ {[%emt 0:00:05]} 35. Kxb3 {[%emt 0:00:22]} Rxd3 {[%emt 0:00:08]} 36. Re2 {[%emt 0:00:26]} c4+ {[%emt 0:07:44]} 37. Kc2 {[%emt 0:00:21]} Nc5 {[%emt 0:00:49]} 38. e5 {[%emt 0:01:27]} Re6 {[%emt 0:01:58]} 39. Ree1 {[%emt 0:01:09]} Nb3 {[%emt 0:04:22]} 40. Re2 {[%emt 0:02:13]} g5 {[%emt 0:04:26]} 41. Rff2 {[%emt 0:00:56]} h6 {[%emt 0:00:58]} 42. Nd2 {[%emt 0:02:05]} Nxd2 {[%emt 0:00:44]} 43. Rxd2 {[%emt 0:00:09]} Rxd2+ {[%emt 0:00:12]} 44. Kxd2 {[%emt 0:00:03]} fxe5 {[%emt 0:00:14]} 45. Ke3 {[%emt 0:00:01]} e4 {[%emt 0:02:17]} 46. Rd2 {[%emt 0:00:12]} Kc5 {[%emt 0:00:16]} 47. Rd4 {[%emt 0:00:12]} Rf6 {[%emt 0:00:41]} 48. Rxe4 {[%emt 0:00:33]} Rd6 {[%emt 0:00:29]} 49. Re5+ {[%emt 0:00:29]} Kb6 {[%emt 0:00:00]} 50. h4 {[%emt 0:01:42]} gxh4 {[%emt 0:01:21]} 51. Rh5 {[%emt 0:00:30]} h3 {[%emt 0:00:26]} 52. Kf4 {[%emt 0:00:09]} Ka5 {[%emt 0:00:29]} 53. Rxh3 {[%emt 0:00:11]} Ka4 {[%emt 0:00:03]} 54. Ke5 {[%emt 0:00:42]} Rg6 {[%emt 0:00:57]} 55. Kf5 {[%emt 0:00:13]} Rd6 {[%emt 0:00:04]} 56. Ke5 {[%emt 0:00:05]} Rg6 {[%emt 0:01:01]} 57. Kf5 {[%emt 0:00:08]} Rd6 {[%emt 0:00:06]} 58. Ke5 {[%emt 0:00:05]} Rg6 {[%emt 0:00:26]} 1/2-1/2

[Event "7th Iberoamerican-ch 2019"]
[Site "Linares"]
[Date "2019.08.18"]
[Round "9.6"]
[White "Cuenca Jimenez, Jose Fernando"]
[Black "Huerga Leache, Mikel"]
[Result "0-1"]
[WhiteElo "2515"]
[BlackElo "2440"]
[Annotator "ChessBase"]
[PlyCount "96"]
[EventDate "2019.08.10"]
[EventType "swiss"]
[EventCountry "ESP"]
[SourceTitle "playchess.com"]
[Source "ChessBase"]
[SourceQuality "1"]
[TimeControl "5400+30"]

1. Nf3 {[%emt 0:03:12]} Nf6 {[%emt 0:01:23]} 2. c4 {[%emt 0:00:38]} b6 {[%emt 0:01:32]} 3. g3 {[%emt 0:01:18]} Bb7 {[%emt 0:00:05]} 4. Bg2 {[%emt 0:00:18]} g6 {[%emt 0:00:11]} 5. d4 {[%emt 0:01:15]} Bg7 {[%emt 0:00:25]} 6. d5 {[%emt 0:00:10]} e6 {[%emt 0:05:55]} 7. Nc3 {[%emt 0:01:31]} exd5 {[%emt 0:00:24]} 8. cxd5 {[%emt 0:00:44]} O-O {[%emt 0:00:30]} 9. O-O {[%emt 0:02:19]} Re8 {[%emt 0:01:17]} 10. Nd4 {[%emt 0:00:49]} c5 {[%emt 0:08:30]} 11. dxc6 {[%emt 0:15:13]} dxc6 {[%emt 0:00:50]} 12. Bf4 {[%emt 0:06:38]} Qc8 {[%emt 0:01:11]} 13. Rc1 {[%emt 0:20:08]} Rd8 {[%emt 0:11:46]} 14. Ncb5 {[%emt 0:03:48]} Ne8 {[%emt 0:28:16]} 15. Bg5 {[%emt 0:24:38]} Rd7 {[%emt 0:08:13]} 16. Bh3 {[%emt 0:03:08]} a6 {[%emt 0:05:24]} 17. Bxd7 {[%emt 0:10:22]} Qxd7 {[%emt 0:00:07]} 18. Nc3 {[%emt 0:00:19]} Bxd4 {[%emt 0:02:35]} 19. e3 {[%emt 0:00:09]} Bg7 {[%emt 0:01:04]} 20. Qb3 {[%emt 0:01:52]} b5 {[%emt 0:00:36]} 21. Ne4 {[%emt 0:00:24]} Qd5 {[%emt 0:01:36]} 22. Nc5 {[%emt 0:01:05]} Bc8 {[%emt 0:05:49]} 23. Qxd5 {[%emt 0:00:01]} cxd5 {[%emt 0:00:06]} 24. b3 {[%emt 0:00:10]} Nd7 {[%emt 0:00:29]} 25. Nd3 {[%emt 0:00:57]} Bb7 {[%emt 0:00:40]} 26. Rfd1 {[%emt 0:00:16]} Bf8 {[%emt 0:01:12]} 27. Bf4 {[%emt 0:00:51]} a5 {[%emt 0:00:24]} 28. Ne5 {[%emt 0:01:02]} Nc5 {[%emt 0:00:49]} 29. h4 {[%emt 0:00:42]} f6 {[%emt 0:00:30]} 30. Nd3 {[%emt 0:00:10]} Ne6 {[%emt 0:00:01]} 31. Rc2 {[%emt 0:00:48]} h6 {[%emt 0:00:20]} 32. g4 {[%emt 0:00:10]} d4 {[%emt 0:00:19]} 33. Kf1 {[%emt 0:00:48]} g5 {[%emt 0:01:02]} 34. hxg5 {[%emt 0:00:12]} hxg5 {[%emt 0:00:01]} 35. Bg3 {[%emt 0:00:09]} Bf3 {[%emt 0:00:21]} 36. Rdc1 {[%emt 0:00:01]} Ba3 {[%emt 0:00:09]} 37. Re1 {[%emt 0:00:32]} Kf7 {[%emt 0:02:24]} 38. Kg1 {[%emt 0:01:38]} Rd8 {[%emt 0:01:32]} 39. e4 {[%emt 0:00:32]} Nd6 {[%emt 0:01:10]} 40. e5 {[%emt 0:00:05]} Rh8 {[%emt 0:00:03]} 41. Bh2 {[%emt 0:00:03]} Ne4 {[%emt 0:00:06]} 42. Ra1 {[%emt 0:01:24]} Nc3 {[%emt 0:00:59]} 43. Re1 {[%emt 0:00:16]} Nf4 {[%emt 0:01:10]} 44. Nxf4 {[%emt 0:00:28]} gxf4 {[%emt 0:00:01]} 45. e6+ {[%emt 0:00:21]} Ke7 {[%emt 0:00:12]} 46. Rd2 {[%emt 0:00:01]} Bc5 {[%emt 0:00:30]} 47. Rd3 {[%emt 0:00:26]} Be4 {[%emt 0:01:06]} 48. Rd2 {[%emt 0:01:22]} d3 {[%emt 0:00:09]} 0-1

[Event "7th Iberoamerican-ch 2019"]
[Site "Linares"]
[Date "2019.08.18"]
[Round "9.7"]
[White "Zambrana, Oswaldo"]
[Black "Anton Guijarro, David"]
[Result "0-1"]
[WhiteElo "2440"]
[BlackElo "2678"]
[Annotator "TA"]
[PlyCount "79"]
[EventDate "2019.08.10"]
[EventType "swiss"]
[EventCountry "ESP"]
[SourceTitle "playchess.com"]
[Source "ChessBase"]
[SourceQuality "1"]

{[%evp 10,79,16,12,16,-13,0,-13,-3,-9,-9,-21,-21,-36,-26,-45,-33,-45,-26,-52,-51,-66,-40,-40,-40,-73,-83,-140,-127,-144,-135,-127,-137,-132,-129,-126,-123,-131,-124,-150,-150,-149,-150,-172,-145,-147,-149,-136,-151,-158,-152,-214,-207,-258,-247,-285,-217,-266,-270,-342,-348,-355,-276,-433,-411,-657,-533,-544,-527,-1235,-1213,-29995]} 1. e4 e5 2. Nf3 Nc6 3. Bc4 Bc5 4. O-O Nf6 5. d3 d6 6. c3 a5 {C54: Giuoco Piano: 4 c3 Nf6, main lines with 5 d4 and 5 d3} (6... O-O 7. Re1 a5 8. h3 h6 9. Nbd2 Be6 10. Bb5 Qb8 11. Bxc6 bxc6 12. d4 exd4 13. cxd4 Bb4 14. a3 Bxd2 15. Nxd2 {½-½ (43) Giri,A (2797)-Ding,L (2809) Shenzhen 2019}) 7. Be3 (7. a4 {keeps more tension.} h6 8. Re1 O-O 9. Na3 Ng4 10. Re2) 7... Bxe3 8. fxe3 O-O {The position is equal.} 9. Nbd2 Ne7 $146 ({Predecessor:} 9... d5 10. exd5 Nxd5 11. Qe1 Bg4 12. d4 Bxf3 13. Rxf3 Nf6 14. Qg3 exd4 15. exd4 {½-½ (53) Mejias Rodriguez,C-Barea Rodriguez,M Malaga 1999}) 10. d4 Ng6 11. Bb3 b5 12. Bc2 a4 13. a3 c5 14. Bd3 Qb6 15. b4 c4 16. Bc2 Bb7 17. Qe2 Rae8 18. Kh1 (18. Rae1 $142) 18... d5 $17 {[%cal Rd5e4]} 19. Nxe5 Nxe5 20. dxe5 Nxe4 21. Nxe4 dxe4 22. Rf5 Qe6 23. Raf1 g6 24. Rf6 Qxe5 25. Qf2 {[%cal Rf6f7]} Bd5 26. Qd2 Rd8 27. Qd4 Qxd4 28. cxd4 Kg7 29. Rb6 Rb8 $36 {[%mdl 2048] Black has strong initiative.} 30. Rd6 (30. Ra6 $17) 30... Rfd8 $19 31. Ra6 c3 32. Kg1 Bc4 33. Rc1 {[#]} Rbc8 $1 34. Kf2 {[#]} Bd3 $1 35. Rb6 h5 36. Bd1 (36. Rb7 $142) 36... Rd5 {White must now prevent ...Rf5+.} 37. Be2 (37. Bc2 $142 h4 38. h3) 37... Rf5+ {Black is clearly winning.} 38. Ke1 h4 39. Rb7 Rc6 {( -> ...Bxe2)} 40. Ra1 {Accuracy: White = 18%, Black = 79%.} 0-1

[Event "7th Iberoamerican-ch 2019"]
[Site "Linares"]
[Date "2019.08.18"]
[Round "9.8"]
[White "Larino Nieto, David"]
[Black "Delgado Ramirez, Neuris"]
[Result "0-1"]
[WhiteElo "2457"]
[BlackElo "2612"]
[Annotator "ChessBase"]
[PlyCount "74"]
[EventDate "2019.08.10"]
[EventType "swiss"]
[EventCountry "ESP"]
[SourceTitle "playchess.com"]
[Source "ChessBase"]
[SourceQuality "1"]
[TimeControl "5400+30"]

1. b3 {[%emt 0:11:32]} g6 {[%emt 0:00:04]} 2. Bb2 {[%emt 0:00:06]} Nf6 {[%emt 0:00:03]} 3. g3 {[%emt 0:01:30]} Bg7 {[%emt 0:00:09]} 4. Bg2 {[%emt 0:00:02]} O-O {[%emt 0:00:19]} 5. Nf3 {[%emt 0:00:04]} d5 {[%emt 0:01:01]} 6. c4 {[%emt 0:00:12]} c6 {[%emt 0:01:36]} 7. O-O {[%emt 0:00:07]} Re8 {[%emt 0:02:26]} 8. d4 {[%emt 0:01:03]} Be6 {[%emt 0:01:36]} 9. cxd5 {[%emt 0:01:15]} cxd5 {[%emt 0:00:26]} 10. Nc3 {[%emt 0:00:08]} Nc6 {[%emt 0:00:26]} 11. Ne5 {[%emt 0:00:14]} Rc8 {[%emt 0:08:04]} 12. h3 {[%emt 0:00:39]} Ne4 {[%emt 0:06:03]} 13. Nxc6 {[%emt 0:03:08]} bxc6 {[%emt 0:02:56]} 14. Nxe4 {[%emt 0:01:55]} dxe4 {[%emt 0:00:04]} 15. Qc2 {[%emt 0:01:14]} f5 {[%emt 0:13:02]} 16. e3 {[%emt 0:00:07]} Bd5 {[%emt 0:01:36]} 17. Rfc1 {[%emt 0:00:14]} e6 {[%emt 0:00:20]} 18. Ba3 {[%emt 0:00:49]} h5 {[%emt 0:01:18]} 19. h4 {[%emt 0:01:32]} Bf6 {[%emt 0:02:14]} 20. Bc5 {[%emt 0:00:08]} Rc7 {[%emt 0:00:09]} 21. Qe2 {[%emt 0:00:38]} Rh7 {[%emt 0:01:11]} 22. Bh3 {[%emt 0:06:25]} g5 {[%emt 0:01:04]} 23. hxg5 {[%emt 0:00:05]} Bxg5 {[%emt 0:00:03]} 24. Kg2 {[%emt 0:01:02]} a5 {[%emt 0:04:18]} 25. Rh1 {[%emt 0:00:40]} Be7 {[%emt 0:00:58]} 26. Rac1 {[%emt 0:05:13]} Bxc5 {[%emt 0:02:21]} 27. Rxc5 {[%emt 0:00:02]} h4 {[%emt 0:00:07]} 28. Kf1 {[%emt 0:02:29]} Kh8 {[%emt 0:01:34]} 29. Bg2 {[%emt 0:02:02]} Rg8 {[%emt 0:00:48]} 30. Qe1 {[%emt 0:00:13]} hxg3 {[%emt 0:00:35]} 31. Rxh7+ {[%emt 0:00:58]} Kxh7 {[%emt 0:00:02]} 32. fxg3 {[%emt 0:00:47]} a4 {[%emt 0:01:02]} 33. bxa4 {[%emt 0:06:34]} Qb8 {[%emt 0:00:06]} 34. Rc1 {[%emt 0:20:30]} Rxg3 {[%emt 0:02:19]} 35. Rb1 {[%emt 0:00:09]} Qg8 {[%emt 0:00:07]} 36. Qf2 {[%emt 0:01:28]} Qg4 {[%emt 0:03:19]} 37. a5 {[%emt 0:07:16]} f4 {[%emt 0:00:45]} 0-1